| 000 | 00897nam a2200301Ia 4500 | ||
|---|---|---|---|
| 003 | OSt | ||
| 005 | 20221006144538.0 | ||
| 006 | a|||||r|||| 00| 0 | ||
| 007 | ta | ||
| 008 | 221006b |||||||| |||| 00| 0 chi d | ||
| 020 | _a 9787301039205 (V.2) | ||
| 020 |
_a9787301035191 (V.1) _cYu 30.00 (each) |
||
| 024 | _a11,942 | ||
| 037 |
_bGift, PRC _cTextual |
||
| 040 |
_aEASL _cEASL _bchi |
||
| 041 |
_2chi _achi |
||
| 082 | _aP41, N7. | ||
| 100 |
_aZU Renzhi _9652231 |
||
| 245 | 0 | _aGaoji hanyu kouyu = Advanced spoken Chinese 2 Vols. | |
| 260 |
_aPeking _bPeking University Press China _c1999 |
||
| 300 |
_a200+205p. _ccm. |
||
| 490 |
_v V.1CL _aChinese as Foreign Language Series |
||
| 650 |
_a CL _9642733 |
||
| 650 | _aChina - Language | ||
| 700 |
_a REN Xuemei _9652232 |
||
| 942 |
_hP41, N7. _cTEXL _2CC |
||
| 999 |
_c1080028 _d1080028 |
||